Every Stanley Cup Match-up, Ever (Hard Vers.) - Statistics

General Stats
  • This quiz has been taken 84 times
    14 since last reset
  • The average score is 148 of 315
Answer Stats
Hint Answer % Correct
Anaheim Ducks
100%
Boston Bruins
100%
Carolina Hurricanes
100%
Chicago Blackhawks
100%
Chicago Blackhawks
100%
Chicago Blackhawks
100%
Colorado Avalanche
100%
Colorado Avalanche
100%
Dallas Stars
100%
Dallas Stars
100%
Detroit Red Wings
100%
Detroit Red Wings
100%
Edmonton Oilers
100%
Edmonton Oilers
100%
Florida Panthers
100%
Florida Panthers
100%
Florida Panthers
100%
Los Angeles Kings
100%
Los Angeles Kings
100%
Montreal Canadiens
100%
New Jersey Devils
100%
New Jersey Devils
100%
Pittsburgh Penguins
100%
Pittsburgh Penguins
100%
Pittsburgh Penguins
100%
St. Louis Blues
100%
Tampa Bay Lightning
100%
Tampa Bay Lightning
100%
Tampa Bay Lightning
100%
Tampa Bay Lightning
100%
2023 Vegas Golden Knights
100%
Vegas Golden Knights
100%
Washington Capitals
100%
Boston Bruins
90%
Calgary Flames
90%
Colorado Avalanche
90%
Detroit Red Wings
90%
Detroit Red Wings
90%
Detroit Red Wings
90%
Edmonton Oilers
90%
Edmonton Oilers
90%
Edmonton Oilers
90%
Edmonton Oilers
90%
Montreal Canadiens
90%
Nashville Predators
90%
New Jersey Devils
90%
New Jersey Devils
90%
New York Islanders
90%
New York Islanders
90%
New York Islanders
90%
New York Islanders
90%
New York Rangers
90%
Pittsburgh Penguins
90%
Pittsburgh Penguins
90%
Pittsburgh Penguins
90%
San Jose Sharks
90%
Tampa Bay Lightning
90%
Vancouver Canucks
90%
Boston Bruins
80%
Buffalo Sabres
80%
Calgary Flames
80%
Edmonton Oilers
80%
Edmonton Oilers
80%
Montreal Canadiens
80%
Montreal Canadiens
80%
Montreal Canadiens
80%
New York Rangers
80%
Ottawa Senators
80%
Philadelphia Flyers
80%
Philadelphia Flyers
80%
Boston Bruins
70%
Boston Bruins
70%
Boston Bruins
70%
Carolina Hurricanes
70%
Chicago Blackhawks
70%
Dallas Stars
70%
Detroit Red Wings
70%
Edmonton Oilers
70%
Florida Panthers
70%
Mighty Ducks of Anaheim
70%
Minnesota North Stars
70%
Montreal Canadiens
70%
Montreal Canadiens
70%
Montreal Canadiens
70%
New Jersey Devils
70%
Philadelphia Flyers
70%
Philadelphia Flyers
70%
Philadelphia Flyers
70%
Toronto Maple Leafs
70%
Toronto Maple Leafs
70%
Boston Bruins
60%
Boston Bruins
60%
Boston Bruins
60%
Calgary Flames
60%
Los Angeles Kings
60%
Minnesota North Stars
60%
Montreal Canadiens
60%
Montreal Canadiens
60%
Montreal Canadiens
60%
Montreal Canadiens
60%
Montreal Canadiens
60%
Montreal Canadiens
60%
Montreal Canadiens
60%
Montreal Canadiens
60%
Montreal Canadiens
60%
Montreal Canadiens
60%
Montreal Canadiens
60%
Montreal Canadiens
60%
Montreal Canadiens
60%
Montreal Canadiens
60%
New York Islanders
60%
Philadelphia Flyers
60%
Philadelphia Flyers
60%
St. Louis Blues
60%
St. Louis Blues
60%
Toronto Maple Leafs
60%
Toronto Maple Leafs
60%
Toronto Maple Leafs
60%
Toronto Maple Leafs
60%
Toronto Maple Leafs
60%
Toronto Maple Leafs
60%
Toronto Maple Leafs
60%
Toronto Maple Leafs
60%
Vancouver Canucks
60%
Vancouver Canucks
60%
Washington Capitals
60%
Boston Bruins
50%
Boston Bruins
50%
Boston Bruins
50%
Boston Bruins
50%
Boston Bruins
50%
Boston Bruins
50%
Boston Bruins
50%
Buffalo Sabres
50%
Chicago Black Hawks
50%
Chicago Black Hawks
50%
Chicago Black Hawks
50%
Detroit Red Wings
50%
Detroit Red Wings
50%
Detroit Red Wings
50%
Detroit Red Wings
50%
Detroit Red Wings
50%
Detroit Red Wings
50%
Montreal Canadiens
50%
Montreal Canadiens
50%
Montreal Canadiens
50%
Montreal Canadiens
50%
Montreal Canadiens
50%
Montreal Canadiens
50%
Montreal Canadiens
50%
Montreal Canadiens
50%
St. Louis Blues
50%
Toronto Maple Leafs
50%
Boston Bruins
40%
Boston Bruins
40%
Chicago Black Hawks
40%
Chicago Black Hawks
40%
Chicago Black Hawks
40%
Detroit Red Wings
40%
Detroit Red Wings
40%
Detroit Red Wings
40%
Detroit Red Wings
40%
Detroit Red Wings
40%
Detroit Red Wings
40%
Detroit Red Wings
40%
Detroit Red Wings
40%
Montreal Canadiens
40%
New York Rangers
40%
New York Rangers
40%
New York Rangers
40%
Philadelphia Flyers
40%
Toronto Maple Leafs
40%
Toronto Maple Leafs
40%
Toronto Maple Leafs
40%
Toronto Maple Leafs
40%
Toronto Maple Leafs
40%
Toronto Maple Leafs
40%
Toronto Maple Leafs
40%
Toronto Maple Leafs
40%
Boston Bruins
30%
Boston Bruins
30%
Chicago Black Hawks
30%
Chicago Black Hawks
30%
Chicago Black Hawks
30%
Detroit Red Wings
30%
Detroit Red Wings
30%
Detroit Red Wings
30%
Detroit Red Wings
30%
Montreal Canadiens
30%
Montreal Maroons
30%
New York Rangers
30%
New York Rangers
30%
New York Rangers
30%
New York Rangers
30%
New York Rangers
30%
New York Rangers
30%
Ottawa Senators
30%
Ottawa Senators
30%
Ottawa Senators
30%
Ottawa Senators
30%
Toronto Arenas
30%
Toronto St. Patricks
30%
Montreal Canadiens
20%
Montreal Canadiens
20%
Montreal Canadiens
20%
Montreal Hockey Club (AAA Winged Wheelers)
20%
Montreal Hockey Club (AAA Winged Wheelers
20%
Montreal Maroons
20%
Montreal Maroons
20%
Montreal Shamrocks
20%
Montreal Shamrocks
20%
Montreal Shamrocks
20%
Montreal Shamrocks
20%
Montreal Shamrocks
20%
Montreal Victorias
20%
Montreal Victorias
20%
Montreal Victorias
20%
Montreal Victorias
20%
Montreal Victorias
20%
Montreal Victorias
20%
Montreal Victorias
20%
Montreal Wanderers
20%
Montreal Wanderers
20%
Montreal Wanderers
20%
Montreal Wanderers
20%
Montreal Wanderers
20%
Montreal Wanderers
20%
Montreal Wanderers
20%
Montreal Wanderers
20%
Montreal Wanderers
20%
Montreal Wanderers
20%
Ottawa Hockey Club (Senators)
20%
Ottawa Hockey Club (Senators)
20%
Ottawa Hockey Club (Senators)
20%
Ottawa Hockey Club (Senators)
20%
Ottawa Hockey Club (Senators)
20%
Ottawa Hockey Club (Senators)
20%
Seattle Metropolitans
20%
Seattle Metropolitans
20%
Victoria Cougars
20%
Winnipeg Victorias
20%
Winnipeg Victorias
20%
Winnipeg Victorias
20%
Winnipeg Victorias
20%
Winnipeg Victorias
20%
Winnipeg Victorias
20%
Winnipeg Victorias
20%
Winnipeg Victorias
20%
Winnipeg Victorias
20%
Berlin Dutchmen
10%
Calgary Tigers
10%
Dawson City Nuggets
10%
Edmonton Eskimos
10%
Edmonton Hockey Club (Thistles)
10%
Edmonton Hockey Club (Thistles)
10%
Galt Hockey Club (Professionals)
10%
Galt Hockey Club (Professionals)
10%
Halifax Crescents
10%
Kenora Thistles
10%
Kenora Thistles
10%
Kenora Thistles
10%
Moncton Victorias
10%
Montreal Hockey Club (AAA Winged Wheelers)
10%
Montreal Hockey Club (AAA Winged Wheelers)
10%
Montreal Hockey Club (AAA Winged Wheelers)
10%
Montreal Shamrocks
10%
Montreal Victorias
10%
Montreal Wanderers
10%
Montreal Wanderers
10%
New Glasgow Cubs
10%
Ottawa Capitals
10%
Ottawa Hockey Club (Generals)
10%
Ottawa Hockey Club (Silver Sevens)
10%
Ottawa Hockey Club (Silver Sevens)
10%
Ottawa Hockey Club (Silver Sevens)
10%
Ottawa Hockey Club (Silver Sevens)
10%
Ottawa Hockey Club (Silver Sevens)
10%
Ottawa Hockey Club (Silver Sevens)
10%
Ottawa Hockey Club (Silver Sevens)
10%
Ottawa Hockey Club (Silver Sevens)
10%
Ottawa Hockey Club (Silver Sevens)
10%
Ottawa Hockey Club (Silver Sevens)
10%
Ottawa Hockey Club (Silver Sevens)
10%
Ottawa Hockey Club (Silver Sevens)
10%
Ottawa Senators
10%
Ottawa Victorias
10%
Port Arthur Bearcats
10%
Portland Rosebuds
10%
Quebec Bulldogs
10%
Quebec Bulldogs
10%
Quebec Bulldogs
10%
Quebec Bulldogs
10%
Queen's University
10%
Queen's University
10%
Queen's University
10%
Rat Portage Thistles
10%
Rat Portage Thistles
10%
Smiths Falls Hockey Club
10%
Sydney Millionaires
10%
Toronto Hockey Club (Blueshirts)
10%
Toronto Hockey Club (Blueshirts)
10%
Toronto Hockey Club (Blueshirts)
10%
Toronto Marlboros
10%
Toronto Wellingtons
10%
Vancouver Millionaires
10%
Vancouver Millionaires
10%
Vancouver Millionaires
10%
Vancouver Millionaires
10%
Victoria Aristocrats
10%
Victoria Cougars
10%
Wheat City Hockey Club
10%
Wheat City Hockey Club
10%
Winnipeg Maple Leafs
10%
Winnipeg Rowing Club
10%
Winnipeg Victorias
10%
No matching quizzes found
Score Distribution
Percent of People with Each Score
Percentile by Number Answered
Your Score History
You have not taken this quiz since the last reset